| LEADER |
01445nam0a2200205 450 |
| 001 |
16842467 |
| 010 |
|
|
|a 978-2-283-03763-8
|b br.
|d 22,5
|
| 100 |
|
|
|a 20230627d2026 u u0frey01 ba
|
| 101 |
1 |
|
|a fre
|c
|
| 102 |
|
|
|a FR
|
| 200 |
0 |
|
|a rancoeurs et la Terre (Les)
|f Kimi Cunningham Grant
|g trad. Alice Delarbre
|
| 207 |
|
1 |
|a
|
| 210 |
|
|
|a Paris
|c Buchet Chastel
|d DL 2023
|
| 215 |
|
|
|a 1 vol. (331 p.)
|d 21 cm
|
| 330 |
|
|
|a Fils d'un propriétaire terrien et garçon populaire du lycée de Fallen Mountains, Transom a grandi avec Chase, son plus proche ami. Tête brûlée, il ne manquait pas d'asseoir son autorité en humiliant d'autres élèves, dont le discret Possum. Un manège qui, une nuit, a tourné au drame, mettant Transom en fuite. Lorsqu'il réapparaît dix-sept ans plus tard, quelques semaines passent avant que sa fiancée vienne signaler son inquiétante disparition à Red, le vieux shérif, encore hanté par les souvenirs de la terrible nuit. Fuite, règlement de compte, accident ? Les langues de la petite ville se délient et alors que les recherches se poursuivent, chacun doit faire son choix : vivre sous le poids du passé ou révéler les secrets enfouis, quitte à tout perdre.
|
| 700 |
|
0 |
|a Grant
|b Kimi Cunningham
|f 19..-....
|4 70
|
| 702 |
|
0 |
|a Delarbre
|b Alice
|f 19..-....
|4 730
|
| 900 |
|
|
|a Roman
|
| 901 |
|
|
|a Accessible au prêt
|
| 995 |
|
|
|a Bibliothèque
|c Bibliothèque
|f 024023657
|h 024023657
|k R GRA
|o p
|q a
|r az
|e Bibliothèque
|